[Event "Leon Man+Comp m"]
[Site "Leon"]
[Date "1998.??.??"]
[Round "5"]
[White "Topalov, Veselin"]
[Black "Kasparov, Gary"]
[Result "1-0"]
[WhiteElo "2740"]
[BlackElo "2825"]

1.e4 c5 2.Nf3 d6 3.d4 cxd4 4.Nxd4 Nf6 5.Nc3 a6 6.Be3 e5 7.Nb3 Be6 8.f3 Nbd7
9.Qd2 Be7 10.g4 h6 11.O-O-O b5 12.Kb1 Nb6 13.Na5 Qc7 14.Bxb6 Qxb6 15.Nd5 Nxd5
16.exd5 Bd7 17.h4 b4 18.Nc6 Bxc6 19.dxc6 Qxc6 20.Qxb4 d5 21.Qb3 Rd8 22.c4 O-O
23.Rxd5 Rxd5 24.cxd5 Qd6 25.Qc4 e4 26.Qxe4 Rb8 27.Bd3 g6 28.h5 Qf6 29.Rh2 Ba3
30.b3 Rb7 31.Qe3 Re7 32.Be4 Rc7 33.Rc2 g5 34.Qd2 Rxc2 35.Kxc2 Qa1 36.Kd3 Qf1+
37.Kd4 Qa1+ 38.Kc4 Qf1+ 39.Qd3 Qf2 40.b4 Qxa2+ 41.Qb3 Qxb3+ 42.Kxb3 Bc1 43.Bd3 Bf4
44.Bxa6 Kf8 45.Kc4 Ke7 46.Bc8 Bd6 47.Bf5 Kf8 48.Bh7 Ke7 49.b5 Kd7 50.Bg8 Ke7
51.b6  1-0

[Event "Leon Man+Comp m"]
[Site "Leon"]
[Date "1998.??.??"]
[Round "6"]
[White "Kasparov, Gary"]
[Black "Topalov, Veselin"]
[Result "1/2-1/2"]
[WhiteElo "2825"]
[BlackElo "2740"]

1.d4 Nf6 2.Nf3 e6 3.c4 c5 4.g3 cxd4 5.Nxd4 Qb6 6.Bg2 Bc5 7.e3 Nc6 8.Nf3 O-O
9.O-O Rd8 10.Nc3 Qa6 11.e4 Qxc4 12.Bg5 Be7 13.e5 Ne8 14.Bxe7 Nxe7 15.Ng5 h6
16.Nge4 Nc6 17.Nd6 Qc5 18.Re1 Nxd6 19.exd6 b6 20.Rc1 Qa5 21.b4 Qxb4 22.Re4 Qa5
23.Ra4 Qe5 24.Re4 Qa5 25.Ra4  1/2-1/2

[Event "Leon Man+Comp m"]
[Site "Leon"]
[Date "1998.??.??"]
[Round "8"]
[White "Kasparov, Gary"]
[Black "Topalov, Veselin"]
[Result "0-1"]
[WhiteElo "2825"]
[BlackElo "2740"]

1.Nf3 Nf6 2.c4 g6 3.Nc3 Bg7 4.g3 d6 5.Bg2 O-O 6.O-O e5 7.d4 Nbd7 8.e4 a6
9.h3 exd4 10.Nxd4 Re8 11.Re1 Rb8 12.Bg5 h6 13.Be3 Ne5 14.b3 c5 15.Nf3 Nxf3+
16.Qxf3 b5 17.Rad1 bxc4 18.Bf4 Re6 19.bxc4 Rb4 20.e5 Qe8 21.Nd5 Nxd5 22.cxd5 Rxe5
23.Bxe5 Bxe5 24.Qf6 Bd7 25.Qf3 h5 26.Qa3 Bb5 27.Kh1 Qd7 28.Rxe5 dxe5 29.Qe3 Qd6
30.Re1 Rb2 31.Qxe5 Qxe5 32.Rxe5 Rxa2 33.d6 Rd2 34.Rxc5 Rxd6 35.g4 hxg4 36.hxg4 Rd4
37.g5 Rc4 38.Re5 Rf4 39.Kg1 Kf8 40.Be4 Bd7 41.f3 Bf5 42.Bb7 Ra4 43.Kf2 Be6
44.Ke3 Ra1 45.Kf4 a5 46.Bc6 Ke7 47.Rb5 Kd6 48.Be8 a4 49.Ra5 a3 50.Ra6+ Ke7  0-1

[Event "Leon Man+Comp m"]
[Site "Leon"]
[Date "1998.??.??"]
[Round "9"]
[White "Kasparov, Gary"]
[Black "Topalov, Veselin"]
[Result "1/2-1/2"]
[WhiteElo "2825"]
[BlackElo "2740"]

1.e4 c6 2.d4 d5 3.Nd2 dxe4 4.Nxe4 Bf5 5.Ng3 Bg6 6.Bc4 e6 7.N1e2 Bd6 8.Nf4 Qh4
9.Ngh5 Bxh5 10.Qxh5 Qxh5 11.Nxh5 g6 12.Nf4 Nf6 13.Nd3 Nbd7 14.O-O a5 15.a4 Nd5
16.c3 O-O 17.Bh6 Rfe8 18.Rfe1 Nc7 19.g3 b5 20.Bb3 Nb6 21.Ne5 Bxe5 22.dxe5 Ncd5
23.h4 Reb8 24.Re4 Nxa4 25.Bxa4 bxa4 26.Rexa4 Rxb2 27.Rxa5 Rxa5 28.Rxa5 Rb8
29.c4 Nb6 30.Rc5 Rc8 31.g4 Nd7 32.Ra5 Nb6 33.Rc5 Nd7 34.Ra5 Nb6 35.Rc5 Nd7  1/2-1/2

[Event "Leon Man+Comp m"]
[Site "Leon"]
[Date "1998.??.??"]
[Round "10"]
[White "Topalov, Veselin"]
[Black "Kasparov, Gary"]
[Result "0-1"]
[WhiteElo "2740"]
[BlackElo "2825"]

1.e4 c5 2.Nf3 Nc6 3.d4 cxd4 4.Nxd4 Nf6 5.Nc3 e5 6.Ndb5 d6 7.Bg5 a6 8.Na3 b5
9.Nd5 Be7 10.Bxf6 Bxf6 11.c3 Bg5 12.Nc2 O-O 13.a4 bxa4 14.Rxa4 a5 15.Bc4 Rb8
16.b3 Kh8 17.O-O g6 18.Qd3 Bd7 19.Ra2 f5 20.f3 Bh6 21.Rd1 Qh4 22.Nce3 Be6
23.Nf1 fxe4 24.Qxe4 Qxe4 25.fxe4 Rf7 26.Rf2 Kg7 27.Rxf7+ Bxf7 28.Kf2 Nd8
29.Ra1 Ne6 30.Rxa5 Nc5 31.Ng3 Nxb3 32.Ra7 Nd2 33.Ba2 Rb2 34.Ke1 Kf8 35.Nb4 Nb3
36.Nd3 Rxg2 37.Rxf7+ Kxf7 38.Bxb3+ Kg7 39.Nf1 Bf4 40.h3 Bg3+ 41.Kd1 h5 42.Be6 Bf4
43.Ne1 Rf2 44.Bc4 g5 45.Be2 g4 46.Nd3 Rg2 47.hxg4 h4 48.Bf3 h3 49.Ke1 Rc2
50.Nxf4 exf4 51.Nd2 h2 52.Nb1  0-1

[Event "Sofia m 25'"]
[Site "Sofia"]
[Date "1998.??.??"]
[Round "1"]
[White "Topalov, Veselin"]
[Black "Kasparov, Gary"]
[Result "0-1"]
[WhiteElo "2740"]
[BlackElo "2825"]

1.Nf3 d5 2.d4 Nf6 3.c4 e6 4.Nc3 Be7 5.Bg5 h6 6.Bh4 O-O 7.e3 b6 8.Be2 Nbd7
9.cxd5 exd5 10.O-O Bb7 11.Rc1 c5 12.Qa4 a6 13.dxc5 bxc5 14.Rfd1 Qb6 15.Qb3 Qa7
16.Bg3 Rad8 17.Rd2 Rfe8 18.Qd1 Bf8 19.Bh4 Qa8 20.Ne1 Be7 21.Bg3 Nf8 22.Nf3 Ne6
23.Bh4 d4 24.exd4 cxd4 25.Na4 Nf4 26.Nc5 Bxc5 27.Bxf6 d3 28.Bxd3 Bxf3 29.gxf3 Rd5
30.Bh4 Bb4 31.Rc3 Bxc3 32.bxc3 Red8  0-1

[Event "Sofia m 25'"]
[Site "Sofia"]
[Date "1998.??.??"]
[Round "2"]
[White "Kasparov, Gary"]
[Black "Topalov, Veselin"]
[Result "1-0"]
[WhiteElo "2825"]
[BlackElo "2740"]

1.e4 c5 2.Nf3 d6 3.d4 cxd4 4.Nxd4 Nf6 5.Nc3 a6 6.Be3 Ng4 7.Bg5 h6 8.Bh4 g5
9.Bg3 Bg7 10.Be2 h5 11.Nf5 Bxf5 12.exf5 Qa5 13.O-O Bxc3 14.bxc3 Qxf5 15.Rb1 Nd7
16.Rxb7 Ngf6 17.Re1 Kf8 18.h3 Re8 19.Bxa6 h4 20.Bd3 Qd5 21.Rb5 Nc5 22.Bh2 Rg8
23.Rb4 Nxd3 24.cxd3 Qxa2 25.Rb5 Rg6 26.Rf5 g4 27.hxg4 Nxg4 28.Qf3 f6 29.Rh5 Nxh2
30.Kxh2 Qd2 31.Re4 Qxc3 32.Rexh4 Rg8 33.Rg4 Qb3 34.Rxg8+ Qxg8 35.Qh3 Qg6
36.Rh6 Qg5 37.Rh8+ Kf7 38.Qh7+ Ke6 39.Rxe8  1-0

[Event "Sofia m 25'"]
[Site "Sofia"]
[Date "1998.??.??"]
[Round "4"]
[White "Kasparov, Gary"]
[Black "Topalov, Veselin"]
[Result "1-0"]
[WhiteElo "2825"]
[BlackElo "2740"]

1.e4 c5 2.Nf3 e6 3.d4 cxd4 4.Nxd4 a6 5.Nc3 Qc7 6.Be2 b5 7.O-O b4 8.Na4 Bb7
9.c3 Nf6 10.cxb4 Bxb4 11.Be3 O-O 12.Rc1 Nc6 13.Qd3 Qa5 14.Nc5 Ne5 15.Qb1 Bxc5
16.Nb3 Qc7 17.Rxc5 Qb8 18.f3 d5 19.Na5 Rc8 20.b4 Nc6 21.Nxb7 Qxb7 22.Rfc1 dxe4
23.fxe4 Nd7 24.R5c3 Nde5 25.a4 Rd8 26.b5 axb5 27.Qxb5 Qxb5 28.axb5 Nb4 29.Rb1 Ra2
30.Bf1 Rc2 31.Rxc2 Nxc2 32.Bc5 Nd4 33.b6 Ndc6 34.b7 h5 35.Bb6 Rd2 36.Ba5 Rd4
37.Bc3  1-0

[Event "Hoogovens 5'"]
[Site "Wijk aan Zee"]
[Date "1999.01.18"]
[Round "1"]
[White "Kasimdzhanov, Rustam"]
[Black "Kasparov, Gary"]
[Result "0-1"]
[WhiteElo "2595"]
[BlackElo "2812"]

1.e4 c5 2.Nf3 d6 3.d4 cxd4 4.Qxd4 a6 5.c4 Nc6 6.Qd2 g6 7.Nc3 Bh6 8.Qc2 Bg7
9.Be3 Nf6 10.Be2 O-O 11.O-O Bg4 12.Rad1 Nd7 13.b3 Rc8 14.a4 Qa5 15.Nd4 Bxe2
16.Ndxe2 Nc5 17.f3 Rfd8 18.Nd5 Rd7 19.b4 Nxb4 20.Qd2 Nxd5 21.Qxa5 Nxe3 22.Rb1 Nxf1
23.Kxf1 Rdc7 24.Nf4 e6 25.g3 h5 26.Ng2 Bd4 27.Rd1 e5 28.Qb4 Rc6 29.a5 R8c7
30.Ke2 Ne6 31.Rc1 b5 32.axb6 Rxb6 33.Qa4 Kg7 34.Ne3 Bxe3 35.Kxe3 Nc5 36.Qa5 Rb3+
37.Ke2 Rcb7 38.Rc2 Ne6 39.Rd2 Nd4+ 40.Rxd4 exd4 41.Qxa6 Re3+ 42.Kf1 Rb1+
43.Kg2 Rb2+ 44.Kh3 Ree2 45.Kh4 Kh6  0-1

[Event "Hoogovens 5'"]
[Site "Wijk aan Zee"]
[Date "1999.01.18"]
[Round "3"]
[White "Piket, Jeroen"]
[Black "Kasparov, Gary"]
[Result "0-1"]
[WhiteElo "2609"]
[BlackElo "2812"]

1.d4 Nf6 2.c4 e6 3.Nf3 b6 4.a3 Bb7 5.Nc3 d5 6.Bg5 Be7 7.e3 O-O 8.Rc1 Nbd7
9.cxd5 exd5 10.Bd3 c5 11.O-O Ne4 12.Bxe7 Qxe7 13.dxc5 Ndxc5 14.Nd4 Rac8 15.Nce2 g6
16.Bb1 Rfd8 17.Ba2 Qd7 18.h3 Ba6 19.b4 Na4 20.Rxc8 Rxc8 21.b5 Bxb5 22.Nxb5 Qxb5
23.Qxd5 Qxd5 24.Bxd5 Nec3 25.Nxc3 Nxc3 26.Bf3 Rc5 27.Ra1 Ra5 28.Kf1 Nb5 29.a4 Nc3
30.Ra3 Nxa4 31.Bc6 Nc5 32.Rxa5 bxa5 33.Ke2 f5 34.f4 Kf7 35.g4 Ke6 36.g5 a4
37.Kd2 Kd6 38.Be8 a3 39.Kc2 Ke7 40.Bc6 Nd3 41.Kb3 a2  0-1

[Event "Hoogovens 5'"]
[Site "Wijk aan Zee"]
[Date "1999.01.18"]
[Round "7"]
[White "Svidler, Peter"]
[Black "Kasparov, Gary"]
[Result "0-1"]
[WhiteElo "2713"]
[BlackElo "2812"]

1.e4 c5 2.Nf3 d6 3.d4 cxd4 4.Nxd4 Nf6 5.Nc3 a6 6.Be3 e5 7.Nb3 Be6 8.f3 Nbd7
9.Qd2 b5 10.g4 Nb6 11.O-O-O Be7 12.Qf2 Nfd7 13.Kb1 Qc7 14.h4 O-O 15.g5 b4
16.Nd5 Nxd5 17.exd5 Bf5 18.Bd3 Bxd3 19.cxd3 a5 20.Rc1 Qb7 21.Rc6 a4 22.Nd2 Qb5
23.Qe2 b3 24.a3 Qxd5 25.Rc7 Qe6 26.Rhc1 d5 27.Bf2 Rfd8 28.R1c6 Qf5 29.Nf1 d4
30.Ng3 Qh3 31.Ne4 Bf8 32.Bg3 Re8 33.Be1 Be7 34.h5 Nf8 35.h6 Ne6 36.Rb7 Nf4
37.Qd1 Rac8 38.Rbc7 Rxc7 39.Rxc7 Qf1 40.hxg7 Qxd3+ 41.Qxd3 Nxd3  0-1

[Event "Corus"]
[Site "Wijk aan Zee NED"]
[Date "2000.01.16"]
[Round "2"]
[White "Piket,Je"]
[Black "Kasparov,G"]
[Result "1/2-1/2"]
[WhiteElo "2633"]
[BlackElo "2851"]

1.d4 Nf6 2.c4 g6 3.Nc3 d5 4.Nf3 Bg7 5.Qb3 dxc4 6.Qxc4 O-O 7.e4 Na6 8.Bf4 c5
9.d5 e6 10.d6 e5 11.Bxe5 Nb4 12.Rd1 Be6 13.Qxc5 Nc2+ 14.Kd2 Nd7 15.Qc7 Nxe5
16.Qxd8 Raxd8 17.Kxc2 Ng4 18.Rd2 Bh6 19.Re2 Rxd6 20.h3 Nf6 21.g4 Nd7 22.e5 Rb6
23.Nd4 Nc5 24.b3 Rd8 25.Nxe6 Nxe6 26.Re4 Rc6 27.Bc4 a6 28.Rd1 Rdc8 29.Rd6 Nc5
30.Rxc6 Rxc6 31.Rd4 b5 32.b4 bxc4 33.bxc5 Rxc5 34.f4 Bf8 35.Rd7 Ra5 36.g5 h6
37.h4 hxg5 38.hxg5 Bb4 39.Nd5 Rxa2+ 40.Kb1 Rd2 41.e6 fxe6  1/2-1/2

[Event "Corus"]
[Site "Wijk aan Zee NED"]
[Date "2000.01.19"]
[Round "4"]
[White "Adams,Mi"]
[Black "Kasparov,G"]
[Result "1/2-1/2"]
[WhiteElo "2715"]
[BlackElo "2851"]

1.e4 c5 2.Nf3 d6 3.c3 Nf6 4.Be2 Bd7 5.Qc2 Qc7 6.O-O g6 7.d4 cxd4 8.Nxd4 Nc6
9.Be3 Bg7 10.c4 Ng4 11.Bxg4 Bxg4 12.Qd2 O-O 13.b3 Nxd4 14.Bxd4 Bxd4 15.Qxd4 Qc5
16.Qd3 a6 17.Nc3 Be6 18.a4 b6 19.Kh1 b5 20.axb5 axb5 21.Rxa8 Rxa8 22.Nxb5 Ra2
23.Kg1 Rb2 24.Nd4 Bd7 25.h3 Qa5 26.Rd1 Qa2 27.Qf1 Qa7 28.Qe1 f6 29.Qe3 Qa2
30.Qe1 Qa7 31.Kf1 Kf7 32.Rd2 Qa2 33.Rxb2 Qxb2 34.Qd1 h5 35.f3 g5 36.Ne2 g4
37.hxg4 hxg4 38.Kf2 Be6 39.Qd3 Bd7 40.f4 Bc6 41.Kg3 Qa1 42.Nc3 f5 43.Qe3 fxe4
44.Nxe4 Qf1 45.Ng5+ Ke8 46.Qd2 Qb1 47.Kxg4 Qxb3 48.Qe2 Qb1 49.Kg3 Qf5 50.Nf3 Qg6+
51.Kf2 Qf7 52.Kg3 Qg6+ 53.Ng5 Qf5 54.Qd2 e5 55.Nf3 Qxf4+ 56.Qxf4 exf4+ 57.Kxf4 Bb7
58.g3 Ba6 59.Nd2 Ke7 60.Ke4 Ke6 61.Kd4  1/2-1/2

[Event "Corus"]
[Site "Wijk aan Zee NED"]
[Date "2000.01.22"]
[Round "6"]
[White "Short,N"]
[Black "Kasparov,G"]
[Result "1/2-1/2"]
[WhiteElo "2683"]
[BlackElo "2851"]

1.e4 c5 2.Nc3 d6 3.g3 Nc6 4.Bg2 g6 5.d3 Bg7 6.Be3 Nd4 7.Qd2 Qa5 8.f4 e6 9.Nf3 Ne7
10.O-O Nec6 11.e5 dxe5 12.Nxe5 O-O 13.Rae1 f5 14.Bxc6 Nxc6 15.Nxc6 bxc6 16.Nd1 Qxa2
17.Bxc5 Rd8 18.b3 Rb8 19.Rf2 Qa6 20.Nc3 Rxb3 21.cxb3 Rxd3 22.Qa2 Rxc3 23.b4 Ra3
24.Qc2 Rd3 25.Rd2 Rd5 26.Rxd5 cxd5 27.Bf2 Bb7 28.Qc7 d4 29.Qd8+ Bf8 30.Qf6 d3
31.Bc5 Bxc5+ 32.bxc5 d2 33.Qd8+ Kg7 34.Qe7+  1/2-1/2

[Event "Corus"]
[Site "Wijk aan Zee NED"]
[Date "2000.01.24"]
[Round "8"]
[White "Lputian,S"]
[Black "Kasparov,G"]
[Result "1/2-1/2"]
[WhiteElo "2605"]
[BlackElo "2851"]

1.d4 Nf6 2.c4 g6 3.Nc3 d5 4.cxd5 Nxd5 5.e4 Nxc3 6.bxc3 Bg7 7.Be3 c5 8.Qd2 cxd4
9.cxd4 Nc6 10.Rd1 Bg4 11.Be2 Bxe2 12.Nxe2 Na5 13.Qb4 O-O 14.O-O b6 15.d5 Qd6
16.Qb5 Qe5 17.Rd4 Qb8 18.Ra4 Rc8 19.Nd4 Rc5 20.Qd7 Rc7 21.Qb5 Qc8 22.h3 Rc5
23.Qb1 Qd7 24.Rb4 Rac8 25.Nc6 Nxc6 26.Bxc5 Nxb4 27.Bxb4 Bc3 28.Rc1 Bxb4 29.Rxc8+ Qxc8
30.Qxb4 Qc1+  1/2-1/2

[Event "Corus"]
[Site "Wijk aan Zee NED"]
[Date "2000.01.28"]
[Round "11"]
[White "Kasparov,G"]
[Black "Leko,P"]
[Result "1/2-1/2"]
[WhiteElo "2851"]
[BlackElo "2725"]

1.e4 c5 2.Nf3 Nc6 3.d4 cxd4 4.Nxd4 Nf6 5.Nc3 e5 6.Ndb5 d6 7.Bg5 a6 8.Na3 b5
9.Bxf6 gxf6 10.Nd5 f5 11.c3 Bg7 12.exf5 Bxf5 13.Nc2 Be6 14.a4 O-O 15.axb5 axb5
16.Rxa8 Qxa8 17.Nce3 Qb7 18.g4 Ne7 19.Bg2 Nxd5 20.Bxd5 Qe7 21.h4 Rc8 22.g5 Rc5
23.Be4 d5 24.Nxd5 Bxd5 25.Bxd5 e4 26.Ke2 Qe5 27.Bb3 Qc7 28.Qg1 b4 29.g6 hxg6
30.Qxg6 Kf8 31.Qg3 Qxg3 32.fxg3 bxc3 33.bxc3 Rxc3 34.Bd5 Rxg3  1/2-1/2

[Event "KasparovChess GP g/60"]
[Site "Internet"]
[Date "2000.02.13"]
[Round "2.1"]
[White "Kasparov,G"]
[Black "Van Wely,L"]
[Result "1/2-1/2"]
[WhiteElo "2851"]
[BlackElo "2646"]

1.e4 c5 2.Nf3 d6 3.d4 cxd4 4.Nxd4 Nf6 5.Nc3 a6 6.Be3 e6 7.f3 b5 8.g4 h6 9.Qd2 Nbd7
10.O-O-O Bb7 11.h4 b4 12.Na4 Qa5 13.b3 Be7 14.Kb1 Nc5 15.Nxc5 dxc5 16.Ne2 Rd8
17.Qc1 Nd7 18.Ng3 Ne5 19.Be2 Rxd1 20.Qxd1 Qc7 21.Bf4 Bd6 22.Nh5 g6 23.Nf6+ Ke7
24.g5 h5 25.Be3 Nc6 26.f4 Rd8 27.Qf1 Nd4 28.Bd3 Kf8 29.Rg1 Kg7 30.Bxd4 cxd4
31.e5 Be7 32.Qe2 a5 33.f5 exf5 34.Bxf5 d3 35.Bxd3 Bc5 36.e6 Bxg1 37.e7 Bc6
38.Qe5 Qxe5 39.exd8=Q Qe1+ 40.Kb2 Qc3+ 41.Kb1 Qe1+ 42.Kb2 Qc3+ 43.Kb1 Qe1+  1/2-1/2

[Event "KasparovChess GP g/60"]
[Site "Internet"]
[Date "2000.02.17"]
[Round "3.2"]
[White "Adams,Mi"]
[Black "Kasparov,G"]
[Result "1/2-1/2"]
[WhiteElo "2715"]
[BlackElo "2851"]

1.e4 c5 2.Nf3 d6 3.d4 cxd4 4.Nxd4 Nf6 5.Nc3 a6 6.Be3 e5 7.Nb3 Be6 8.f3 Nbd7
9.Qd2 b5 10.g4 Nb6 11.g5 Nfd7 12.Nd5 Rc8 13.Nxb6 Nxb6 14.Qa5 Nc4 15.Bxc4 bxc4
16.Qxd8+ Kxd8 17.Na5 h6 18.gxh6 g6 19.O-O-O Kc7 20.b3 Bxh6 21.Bxh6 Rxh6 22.bxc4 g5
23.Rhg1 Kb6 24.Nb3 Bxc4 25.Rd2 Rg6 26.Kb2 Kc7 27.Rdg2 Rh6 28.Nd2 Be6 29.Rxg5 Rxh2
30.R5g2 Rh3 31.c4 Kd7 32.Kc3 a5 33.Rg3 Rhh8 34.Rc1 Rc7 35.Rgg1 Rhc8 36.Kd3 Ke7
37.Rc3 d5 38.exd5 Bxd5 39.Re1 f6 40.f4 Kd6 41.fxe5+ fxe5 42.Rec1 Bc6 43.Kc2 Rg7
44.Rd3+ Kc7 45.Re3 Rd8 46.Kc3 Rg2 47.Rc2 a4 48.Nb1 Rxc2+ 49.Kxc2 Kd6 50.Rd3+ Ke7
51.Rxd8 Kxd8 52.Kc3 Kd7 53.Kb4 Kd6 54.Nc3 e4 55.Nd1 Ke5 56.Kc5 Be8 57.a3 Kf4
58.Kd4 Kf3 59.Ne3 Bc6 60.c5 Kf4 61.Nc4 Bb5 62.Nb6 Bc6 63.Nc4 Bb5 64.Ne3  1/2-1/2

[Event "KasparovChess GP g/60 aborted"]
[Site "Internet"]
[Date "2000.02.19"]
[Round "4.1"]
[White "Kasparov,G"]
[Black "Piket,Je"]
[Result "*"]
[WhiteElo "2851"]
[BlackElo "2633"]

1.e4 e5 2.Nf3 Nc6 3.Bb5 a6 4.Ba4 Nf6 5.O-O Be7 6.Re1 b5 7.Bb3 d6 8.c3 O-O
9.h3 Nb8 10.d4 Nbd7 11.Nbd2 Bb7 12.Bc2 Re8 13.Nf1 Bf8 14.Ng3 c5 15.d5 c4
16.Bg5 Qc7 17.Qd2 Reb8 18.Nf5  *

[Event "KasparovChess GP g/60"]
[Site "Internet"]
[Date "2000.02.20"]
[Round "4.2"]
[White "Piket,Je"]
[Black "Kasparov,G"]
[Result "1-0"]
[WhiteElo "2633"]
[BlackElo "2851"]

1.Nf3 Nf6 2.c4 c5 3.Nc3 d5 4.cxd5 Nxd5 5.g3 Nc6 6.Bg2 Nc7 7.d3 e5 8.O-O Be7
9.Nd2 Bd7 10.Nc4 O-O 11.Bxc6 Bxc6 12.Nxe5 Be8 13.Qb3 Bf6 14.Ng4 Bd4 15.e3 Bxc3
16.Qxc3 b6 17.f3 Bb5 18.Nf2 Qd7 19.e4 Ne6 20.Be3 a5 21.Rad1 Rad8 22.Rd2 Qc6
23.Rc1 Qb7 24.a3 Nd4 25.Kg2 Rc8 26.Rb1 Rfd8 27.Bxd4 Rxd4 28.b4 axb4 29.axb4 Qd7
30.bxc5 bxc5 31.Rbb2 h6 32.Ra2 Kh7 33.Ra5 Rd8 34.Qxc5 Bxd3 35.Rxd3 Rxd3 36.Nxd3 Qxd3
37.Ra2 Qb3 38.Qc2 Qxc2+ 39.Rxc2 h5 40.f4 g6 41.e5 Rd3 42.Kh3 Re3 43.Kh4 Kg7
44.Kg5 Re1 45.Rc7 Re2 46.Re7 Ra2 47.f5 gxf5 48.e6 h4 49.Rxf7+ Kg8 50.Kf6  1-0

[Event "Chess@iceland rapidplay Group A"]
[Site "Kopavogur ISL"]
[Date "2000.04.01"]
[Round "1"]
[White "Kasparov,G"]
[Black "Korchnoi,V"]
[Result "1/2-1/2"]
[WhiteElo "2851"]
[BlackElo "2659"]

1.e4 e6 2.d4 d5 3.Nc3 Nf6 4.Bg5 Bb4 5.e5 h6 6.Be3 Ne4 7.Qg4 Kf8 8.a3 Bxc3+
9.bxc3 c5 10.Bd3 h5 11.Qf4 Qa5 12.Ne2 Nxc3 13.O-O Nxe2+ 14.Bxe2 Nc6 15.c4 cxd4
16.Bxd4 Nxd4 17.Qxd4 Bd7 18.cxd5 exd5 19.Bf3 Bc6  1/2-1/2

[Event "Chess@iceland rapidplay Group A"]
[Site "Kopavogur ISL"]
[Date "2000.04.01"]
[Round "4"]
[White "Timman,J"]
[Black "Kasparov,G"]
[Result "0-1"]
[WhiteElo "2655"]
[BlackElo "2851"]

1.c4 c5 2.Nf3 Nf6 3.Nc3 d5 4.cxd5 Nxd5 5.d4 Nxc3 6.bxc3 g6 7.e4 Bg7 8.Bb5+ Nc6
9.O-O O-O 10.Bxc6 bxc6 11.Ba3 cxd4 12.cxd4 Bg4 13.Bc5 Bxf3 14.Qxf3 Bxd4 15.Rad1 Bxc5
16.Rxd8 Rfxd8 17.Qc3 Bb6 18.a4 Rd6 19.a5 Bd4 20.Qb3 Rad8 21.g3 Re6 22.Re1 Re5
23.Qb7 Kf8 24.Qc7 Rd6 25.Kg2 Rb5 26.e5 Rdd5 27.Re2 Bxe5 28.Qxa7 Rxa5 29.Qb7 Rdc5
30.Rd2 Bd6 31.Rb2 Kg7 32.Rb6 Rf5 33.Rxc6 Ra2 34.Qb6 h5 35.Qd4+ Rf6 36.h3 Re2
37.Rc4 e5 38.Qa7 Bb8 39.Qc5 Ra2 40.g4 Ba7 41.Qxe5 Rxf2+ 42.Kh1 Kh7 43.gxh5 Rf1+
44.Kh2 R6f2+ 45.Kg3 Rg1+ 46.Kh4 g5+ 47.Qxg5 Rxg5 48.Kxg5 Be3+ 49.Kg4 f5+
50.Kg3 Kh6 51.Rc3 f4+ 52.Kg4 Rg2+ 53.Kf3 Rg3+  0-1

[Event "Chess@iceland rapidplay Group A"]
[Site "Kopavogur ISL"]
[Date "2000.04.01"]
[Round "5"]
[White "Kasparov,G"]
[Black "Petursson,M"]
[Result "1-0"]
[WhiteElo "2851"]
[BlackElo "2544"]

1.e4 c5 2.Nf3 Nc6 3.Bb5 d6 4.c3 Nf6 5.Qe2 e5 6.d4 exd4 7.cxd4 a6 8.e5 Nd5
9.exd6+ Be6 10.Bxc6+ bxc6 11.dxc5 Qxd6 12.Bd2 Qxc5 13.O-O Kd7 14.Na3 Bd6
15.Rab1 Bf5 16.Rbc1 Rhe8 17.Qd1 Qa7 18.Nc4 Bc7 19.Bc3 f6 20.Nd4 Be6 21.Nxc6 Kxc6
22.Bd4 Qb8 23.Qa4+  1-0

[Event "Chess@iceland rapidplay Final"]
[Site "Kopavogur ISL"]
[Date "2000.04.02"]
[Round "1"]
[White "Anand,V"]
[Black "Kasparov,G"]
[Result "1/2-1/2"]
[WhiteElo "2769"]
[BlackElo "2851"]

1.e4 c5 2.Nf3 d6 3.d4 cxd4 4.Nxd4 Nf6 5.Nc3 a6 6.f3 e6 7.Be3 b5 8.g4 Nfd7
9.Qd2 Nb6 10.a4 bxa4 11.Nxa4 Nxa4 12.Rxa4 Be7 13.Be2 O-O 14.O-O Bb7 15.Rfa1 Nd7
16.Nb3 Rb8 17.Ba7 Rc8 18.Na5 Ba8 19.Bxa6 Ne5 20.Be2 f5 21.gxf5 exf5 22.Nc4 Qe8
23.Nxe5 dxe5 24.Bd3 fxe4 25.fxe4 Qh5 26.Be3 Rc6 27.Qe2 Rg6+ 28.Kh1 Qxe2 29.Bxe2 Bc6
30.Rc4 Bb5 31.Ra5 Bxc4 32.Bxc4+ Kh8 33.Rxe5 Ra8 34.Rf5 Rg4 35.Rf1 Rb8 36.Bd3 Rxb2
37.e5 Rb8 38.Ba7 Rf8 39.Rxf8+ Bxf8 40.Bf2 Rg5 41.Bd4  1/2-1/2

[Event "Simul"]
[Site "Frankfurt GER"]
[Date "2000.06.19"]
[Round "?"]
[White "Kasparov,G"]
[Black "Gypser,A"]
[Result "1/2-1/2"]
[WhiteElo "2851"]
[BlackElo "2175"]

1.c4 e6 2.g3 d5 3.Bg2 Nf6 4.Nf3 Be7 5.b3 O-O 6.O-O c5 7.Bb2 Nc6 8.e3 b6 9.Nc3 Bb7
10.cxd5 Nxd5 11.Nxd5 Qxd5 12.d4 Rad8 13.Ne5 Qd6 14.dxc5 Qxc5 15.Qe2 Nxe5
16.Bxb7 Qc7 17.Bg2 Bc5 18.Rfd1 a5 19.Rxd8 Rxd8 20.Rd1 Rxd1+ 21.Qxd1 Qd7 22.Qxd7 Nxd7
23.Bc6 Nf6 24.Kg2 Kf8 25.Kf3 Ke7 26.g4 h6 27.h4 g6 28.Bb5 h5 29.g5 Nd5 30.Ke2 Nc7
31.Bd3 Nd5 32.Bc4 Kd6 33.a3 Ne7 34.e4 Nc6 35.f4 Nd4+ 36.Bxd4 Bxd4  1/2-1/2

[Event "Simul"]
[Site "Frankfurt GER"]
[Date "2000.06.19"]
[Round "?"]
[White "Kasparov,G"]
[Black "Wendt,R"]
[Result "1/2-1/2"]
[WhiteElo "2851"]
[BlackElo "2332"]

1.c4 g6 2.g3 Bg7 3.Bg2 c5 4.Nc3 Nc6 5.a3 e5 6.b4 d6 7.Rb1 Nge7 8.d3 O-O 9.e3 f5
10.Nge2 g5 11.b5 Nb8 12.f4 gxf4 13.exf4 Nd7 14.O-O Nf6 15.Kh1 Kh8 16.Be3 Qc7
17.a4 Rb8 18.a5 b6 19.a6 Be6 20.Qc2 Rbd8 21.Rbe1 Qd7 22.Bc1 e4 23.dxe4 Bxc4
24.Bb2 d5 25.exd5 Nexd5 26.Nxd5 Bxd5 27.Nc3 Bxg2+ 28.Qxg2 Rfe8 29.h3 Qd3
30.Rxe8+ Rxe8 31.Rd1 Qc4 32.Kh2 Kg8 33.Rd2 h5 34.Qf3 Re1 35.Rg2 Ne4 36.Nxe4 Qxe4
37.Qxe4 fxe4 38.Bxg7 Kxg7 39.g4 h4 40.Rc2 Rf1 41.f5 Kf6 42.Kg2 Rf3 43.Rd2 Rg3+
44.Kf1 Rd3 45.Rxd3 exd3  1/2-1/2

[Event "World Cup of Rapid Chess Gp A"]
[Site "Cannes FRA"]
[Date "2001.03.21"]
[Round "2"]
[White "Kasparov,G"]
[Black "Grischuk,A"]
[Result "1/2-1/2"]
[WhiteElo "2849"]
[BlackElo "2663"]

1.e4 c5 2.Nf3 Nc6 3.d4 cxd4 4.Nxd4 Nf6 5.Nc3 e6 6.Nxc6 bxc6 7.e5 Nd5 8.Ne4 Bb7
9.Be2 c5 10.O-O Qc7 11.Nd6+ Bxd6 12.exd6 Qc6 13.f3 c4 14.Qd4 O-O 15.Bxc4 Rfc8
16.b3 Qxd6 17.Bb2 Qb6 18.Rf2 Qxd4 19.Bxd4 Nb4 20.c3 Nc6 21.Be3 d5 22.Bf1 a5
23.a4 Ne7 24.Rc1 f6 25.Bb5 Nf5 26.Bd2 Rc7 27.Bd3 Nd6 28.Be1 Ba6 29.Bc2 Kf7
30.Rd1 Nb7 31.b4 Bc4 32.g4 Nd6 33.b5 Nb7 34.Rfd2 Nc5 35.Rb1 Rac8 36.Bf2 Rb7
37.h4 g6 38.Kg2 e5 39.h5 Ne6 40.hxg6+ hxg6 41.Rh1 Nf4+ 42.Kg3 Kg7 43.Be3 Ne2+
44.Kf2 Nxc3 45.Rh6 d4 46.Rxg6+ Kf7 47.Bh6 Rg8 48.Rxg8  1/2-1/2

[Event "World Cup of Rapid Chess Gp A"]
[Site "Cannes FRA"]
[Date "2001.03.22"]
[Round "7"]
[White "Gulko,B"]
[Black "Kasparov,G"]
[Result "1/2-1/2"]
[WhiteElo "2622"]
[BlackElo "2849"]

1.d4 Nf6 2.c4 g6 3.Nc3 d5 4.Nf3 Bg7 5.Qb3 dxc4 6.Qxc4 O-O 7.e4 Na6 8.Be2 c5
9.d5 e6 10.O-O exd5 11.exd5 Bf5 12.Be3 Qb6 13.Nh4 Bd7 14.Rab1 Rfe8  1/2-1/2

[Event "World Cup of Rapid Chess 1/4 Final"]
[Site "Cannes FRA"]
[Date "2001.03.23"]
[Round "1.1"]
[White "Tkachiev,V"]
[Black "Kasparov,G"]
[Result "1/2-1/2"]
[WhiteElo "2672"]
[BlackElo "2849"]

1.d4 Nf6 2.c4 g6 3.g3 Bg7 4.Bg2 d5 5.cxd5 Nxd5 6.Nf3 Nb6 7.Nc3 Nc6 8.e3 e5
9.O-O exd4 10.exd4 O-O 11.Bg5 Qd7 12.Re1 h6 13.Bf4 Ne7 14.Qb3 c6 15.Ne5 Qd8
16.Rad1 Be6 17.Qc2 Nbd5 18.Bc1 Bf5 19.Ne4 Qc7 20.Qb3 Rad8 21.h4 Bc8 22.a3 Nf5
23.Nf3 Rfe8 24.Qc2 Qb6 25.b4 a5 26.bxa5 Qxa5 27.Bb2 Qc7 28.Nc5 Rxe1+ 29.Rxe1 Nf6
30.Nd3 Nd5 31.Nc5 Nf6 32.Nd3 Nd5 33.Nde5 Nfe7 34.Nd2 Nf6 35.Nb3 Ned5 36.Nc5 Re8
37.Rc1 Ng4 38.Ncd3 Qd8 39.Nxg4 Bxg4 40.Qb3 Bc8 41.Ne5 Qd6 42.a4 Qe6 43.a5 Nc7
44.Qb6 Nd5 45.Qc5 Bf8 46.Qc2 Nb4 47.Qd2 Rd8 48.Qe3 Qa2 49.Bc3 Nd5 50.Qf3 Nxc3
51.Qxc3 Qa3 52.Qxa3 Bxa3 53.Rd1 Bc5 54.a6 Rxd4 55.Rxd4 Bxd4 56.axb7 Bxb7
57.Nxc6  1/2-1/2

[Event "World Cup of Rapid Chess 1/4 Final"]
[Site "Cannes FRA"]
[Date "2001.03.23"]
[Round "1.2"]
[White "Kasparov,G"]
[Black "Tkachiev,V"]
[Result "1-0"]
[WhiteElo "2849"]
[BlackElo "2672"]

1.e4 e5 2.Nf3 Nc6 3.Bb5 a6 4.Ba4 Nf6 5.O-O Be7 6.Re1 b5 7.Bb3 O-O 8.a4 Bb7
9.d3 d6 10.Nbd2 Re8 11.Nf1 h6 12.Bd2 Bf8 13.c4 bxc4 14.Bxc4 Rb8 15.Bc3 Ne7
16.Ng3 Ng6 17.d4 exd4 18.Qxd4 d5 19.exd5 Rxe1+ 20.Rxe1 Nxd5 21.Rd1 Ngf4 22.Nf5 Qf6
23.Qxf6 gxf6 24.Bd4 Bc8 25.Ne3 Nxe3 26.fxe3 Ne6 27.Bxf6 Bg7 28.Bxg7 Kxg7
29.b3 Kf6 30.Rf1 Rb6 31.Nd4+ Kg7 32.Nf5+ Kh7 33.Ne7  1-0

[Event "World Cup of Rapid Chess 1/2 Final"]
[Site "Cannes FRA"]
[Date "2001.03.24"]
[Round "1.2"]
[White "Kasparov,G"]
[Black "Grischuk,A"]
[Result "1/2-1/2"]
[WhiteElo "2849"]
[BlackElo "2663"]

1.e4 c5 2.Nf3 Nc6 3.d4 cxd4 4.Nxd4 Nf6 5.Nc3 e6 6.Ndb5 Bb4 7.a3 Bxc3+ 8.Nxc3 d5
9.exd5 exd5 10.Bd3 O-O 11.O-O d4 12.Ne2 Bg4 13.Bg5 Qd6 14.Re1 Rfe8 15.Qd2 Bxe2
16.Bf4 Qd7 17.Rxe2 Rxe2 18.Qxe2 Re8 19.Qf1 Qe6 20.h3 h6 21.Rd1 Nd5 22.Bg3 Nf6
23.Bf4 Nd5 24.Bd2 Ne3 25.fxe3 dxe3 26.Qe2 exd2 27.Qxe6 Rxe6 28.Rxd2 Kf8 29.Bc4 Re7
30.Kf2 Rc7 31.Be2 Ke7 32.c3 Ne5 33.Rd4 Rc6 34.a4 Rb6 35.b4 Rc6 36.Re4 f6
37.c4 b6 38.Ke3 Rd6 39.c5 bxc5 40.bxc5 Rd5 41.Rb4 Rxc5 42.Rb7+ Kd6 43.Rxa7 Rc3+
44.Kf2 g5 45.Ra6+ Rc6 46.Ke3 Rxa6 47.Bxa6 f5 48.Bc8 Nc4+ 49.Kf3 Nb6 50.Bxf5 Nxa4
51.Kg4 Ke5 52.Bc2 Nc5 53.Kh5 Kf6 54.Kxh6 Ne6 55.g3 Nd4 56.Bd3 Nf3 57.Be2 Ne5
58.Kh5 Ng6  1/2-1/2